<?xml version="1.0" encoding="UTF-8"?>
<collection xmlns="http://www.loc.gov/MARC21/slim">
 <record>
  <leader>01944nam a2200205Ia 4500</leader>
  <controlfield tag="001">CTU_200767</controlfield>
  <controlfield tag="008">210402s9999    xx            000 0 und d</controlfield>
  <datafield tag="020" ind1=" " ind2=" ">
   <subfield code="c">95000</subfield>
  </datafield>
  <datafield tag="082" ind1=" " ind2=" ">
   <subfield code="a">355.4</subfield>
  </datafield>
  <datafield tag="082" ind1=" " ind2=" ">
   <subfield code="b">H108</subfield>
  </datafield>
  <datafield tag="100" ind1=" " ind2=" ">
   <subfield code="a">Trương, Quốc Hạo</subfield>
  </datafield>
  <datafield tag="245" ind1=" " ind2="0">
   <subfield code="a">Tôn Tử mưu lược tung hoành</subfield>
  </datafield>
  <datafield tag="245" ind1=" " ind2="0">
   <subfield code="c">Trương Quốc Hạo ; Người dịch Thành Khang, Ngọc San</subfield>
  </datafield>
  <datafield tag="260" ind1=" " ind2=" ">
   <subfield code="a">Thanh Hóa</subfield>
  </datafield>
  <datafield tag="260" ind1=" " ind2=" ">
   <subfield code="b">Nxb. Thanh Hóa</subfield>
  </datafield>
  <datafield tag="260" ind1=" " ind2=" ">
   <subfield code="c">2014</subfield>
  </datafield>
  <datafield tag="520" ind1=" " ind2=" ">
   <subfield code="a">Cùng với những chiến công lẫy lừng về quân sự, Tôn Tử đã để lại cho nhân loại 13 thiên binh pháp truyền tụng khắp thế gian. Binh pháp Tôn Tử được tôn vinh là tuyệt tác binh thư hàng đầu thế giới, cả trong thời cổ đại lẫn hiện đại. Phạm vi ảnh hưởng của nó đã vượt ra ngoài lĩnh vực quân sự. Trong thời chiến, nó là pháp bảo khắc địch chế thắng của binh gia; trong thời bình, nó là sách lược thủ thắng, là nấc thang dẫn đến thành công cho các nhà lãnh đạo doanh nghiệp và chính trị gia. Xã hội ngày nay đầy những cơ hội và thách thức, người muốn thành công trong cuộc sống phải mưu lược, quyền biến và có trí tuệ hơn người. Tôn Tử mưu lược tung hoành điểm lại tinh hoa tư tưởng Tôn Tử, giúp người đọc nắm bắt những nội dung cốt yếu, tinh tuý của Binh pháp Tôn Tử, qua đó tìm được gợi ý đáng giá cho cuộc đời mình.</subfield>
  </datafield>
  <datafield tag="650" ind1=" " ind2=" ">
   <subfield code="a">Military art and science,Khoa học và nghệ thuật quân sự</subfield>
  </datafield>
  <datafield tag="904" ind1=" " ind2=" ">
   <subfield code="i">Bằng</subfield>
  </datafield>
  <datafield tag="980" ind1=" " ind2=" ">
   <subfield code="a">Trung tâm Học liệu Trường Đại học Cần Thơ</subfield>
  </datafield>
 </record>
</collection>
